Migration and remittances factbook 2011

Bibliographic Details
Corporate Authors: World Bank., ProQuest (Firm)
Format: Electronic eBook
Language:English
Published: Washington D.C. : World Bank, 2011.
Edition:2nd ed.
Subjects:
Online Access:Click to View
LEADER 01219nam a2200349 a 4500
001 EBC606036
003 MiAaPQ
005 20200520144314.0
006 m o d |
007 cr cn|||||||||
008 101210s2011 dcuad sb 000 0 eng d
020 |z 9780821382189 
020 |a 9780821385111 (electronic bk.) 
035 |a (MiAaPQ)EBC606036 
035 |a (Au-PeEL)EBL606036 
035 |a (CaPaEBR)ebr10430849 
035 |a (CaONFJC)MIL290619 
035 |a (OCoLC)811493156 
040 |a MiAaPQ  |c MiAaPQ  |d MiAaPQ 
050 4 |a JV6118  |b .M54 2011 
245 0 0 |a Migration and remittances factbook 2011  |h [electronic resource]. 
250 |a 2nd ed. 
260 |a Washington D.C. :  |b World Bank,  |c 2011. 
300 |a xix, 264 p. :  |b ill. 
504 |a Includes bibliographical references. 
533 |a Electronic reproduction. Ann Arbor, MI : ProQuest, 2015. Available via World Wide Web. Access may be limited to ProQuest affiliated libraries. 
650 0 |a Emigrant remittances. 
650 0 |a Emigration and immigration. 
655 4 |a Electronic books. 
710 2 |a World Bank. 
710 2 |a ProQuest (Firm) 
856 4 0 |u https://ebookcentral.proquest.com/lib/matrademy/detail.action?docID=606036  |z Click to View